Pokémon - Les attaques de Feunnec - Statistiques

Statistiques générales
  • Ce quiz a été pris 17 fois
  • Le résultat moyen est 11 sur 16
Statistiques - réponses
Niveaux Types Noms des attaques % Correct
Niveau 5 Feu Flammèche
100%
Niveau 31 Psy Choc Psy
91%
Niveau 48 Feu Déflagration
82%
Départ Normal Griffe
82%
Niveau 35 Feu Lance-Flammes
82%
Départ Normal Mimi-Queue
82%
Niveau 14 Feu Nitrocharge
82%
Niveau 41 Psy Psyko
82%
Niveau 17 Psy Rafale Psy
82%
Niveau 38 Feu Feu Follet
64%
Niveau 43 Feu Zénith
64%
Niveau 11 Normal Grondement
55%
Niveau 20 Feu Danse Flamme
45%
Niveau 27 Psy Mur Lumière
45%
Niveau 46 Psy Zone Magique
36%
Niveau 25 Normal Air Veinard
18%
Aucun quiz correspondant
Distribution des résultats
% des personnes avec chaque résultat
Percentile par nombre de réponses
Votre historique - résultats
Vous n’avez pas pris ce quiz